|
|
|
|
| LEADER |
00000nam a2200000 a 4500 |
| 001 |
vtls001072906 |
| 003 |
SK-MaSNL |
| 005 |
20260301000545.0 |
| 008 |
251031s1993 xo 0 slo |
| 015 |
|
|
|a SNBA1993/10
|
| 020 |
|
|
|a 8007005935
|
| 035 |
|
|
|a SNK000015737
|
| 040 |
|
|
|a SNK
|b slo
|c SNK
|e AACR2
|
| 041 |
0 |
|
|a slo
|
| 044 |
|
|
|a xo
|c SK
|
| 080 |
|
|
|a 635.1/.8(075.3)
|2 1981
|
| 100 |
1 |
|
|a Melichar, Miroslav
|4 aut
|9 8638
|
| 240 |
1 |
0 |
|a Zelinářství
|l Slovensky
|
| 245 |
1 |
0 |
|a Zeleninárstvo
|c Miroslav Melichar, Marie Kostrhounová, Štefan Vaško ; Prekl. Klára Vančeková ; Ilustr. Josef Bulvas, Jiří Malý ; Fotogr. Antonín Kočí, Marie Kostrhounová, Miroslav Melichar, Vladimír Pokorný ; Obál. a tit. list navrhol Karol Rosmány ml.
|
| 250 |
|
|
|a 2. vyd.
|
| 260 |
|
|
|a Bratislava
|b Príroda
|c 1993
|e Nitra
|f B.E.B., spol. s r.o.
|
| 300 |
|
|
|a 219 s., 12,60 AH, 13,10 VH
|b Fotogr., reg., sch., tab.
|c 21 cm
|
| 500 |
|
|
|a Schválilo MŠM a TV SSR
|
| 655 |
|
7 |
|a učebnice
|2 SNK
|9 22521
|
| 700 |
1 |
|
|a Kostrhounová, Marie
|4 aut
|9 44930
|
| 700 |
1 |
|
|a Vaško, Štefan
|4 aut
|9 5768
|
| 700 |
1 |
|
|a Vančeková, Klára,
|d 1933-
|4 trl
|9 38986
|
| 700 |
1 |
|
|a Bulvas, Josef
|4 ill
|9 43106
|
| 700 |
1 |
|
|a Malý, Jiří
|4 ill
|9 7211
|
| 700 |
1 |
|
|a Kočí, Antonín
|4 pht
|9 277798
|
| 700 |
1 |
|
|a Kostrhounová, Marie
|4 pht
|9 44930
|
| 700 |
1 |
|
|a Melichar, Miroslav
|4 pht
|9 8638
|
| 700 |
1 |
|
|a Pokorný, Vladimír
|4 pht
|9 5145
|
| 700 |
1 |
|
|a Rosmány, Karol,
|d 1937-2022
|4 nob
|9 194694
|
| 852 |
|
|
|a Slovenská národná knižnica
|
| 919 |
|
|
|a 80-07-00593-5
|
| 958 |
|
|
|a TL
|
| 958 |
|
|
|a OP
|
| 958 |
|
|
|a CZ
|
| 958 |
|
|
|a UC
|
| 968 |
|
|
|b ČES
|d Z čes. orig.
|
| 999 |
|
|
|c 532949
|d 534879
|
| 952 |
|
|
|a SNK
|b SNK
|y PREZ
|7 0
|p 17A1010432
|o snkSC 84520
|0 0
|1 0
|4 0
|d 2012-08-22
|l 0
|r 2025-08-22 00:00:00
|w 2026-02-23
|
| 952 |
|
|
|t P60, <04>, [BOOK], {604}
|a SNK
|b SNK
|y VYP
|7 0
|p 17A0255708
|o snkSC 84520 D1
|i snkKSP 8393/93
|0 0
|1 0
|4 0
|d 2000-11-02
|l 0
|r 2004-12-31 00:00:00
|w 2026-02-23
|